| 000 | 00765nam a22002177a 4500 | ||
|---|---|---|---|
| 999 |
_c63760 _d63760 |
||
| 005 | 20240530110657.0 | ||
| 008 | 171223s2015 ua a g 000 0 ara d | ||
| 017 |
_a2015/23706 _bمصر. دار الكتب |
||
| 020 | _a9789771453642 | ||
| 040 |
_aEG-CaGPL _cEG-CaGPL |
||
| 082 | 0 | 4 |
_221 _a962.39 _bق/خ س |
| 100 | 0 | _aخالد عكاشة | |
| 245 | 1 | 0 |
_aسيناء ارض المقدس و المحرم / _cخالد عكاشة . |
| 250 | _aط.1 | ||
| 260 |
_aالقاهرة : _bدار نهضة مصر للنشر ، _c2015 . |
||
| 300 |
_a437 ص. : _bصور ؛ _c22 سم. |
||
| 650 | 0 | 7 |
_2qrmak _aالارهاب _zسيناء |
| 651 | 0 | 7 |
_2qrmak _aسيناء _xالاحوال السياسية |
| 942 |
_2ddc _cBK |
||